000
00213 a2200097 4500
001
18609
100
_a
Farooqi S
245
_a
Pakistan maidan jang main
260
_a
_b
Bisat-e-adab
_c
1969
090
_c
13837
_d
13837
942
_a
NUST-CAE
_c
M
_c
4266
999
_c
253682
_d
253682